Statistics for Chapters In Rosalina’s Storybook

Click here to take the quiz!

General Stats

  • This quiz has been taken 25 times
  • The average score is 5 of 9

Answer Stats

NumberChapter% Correct
Final ChapterFamily
78%
Chapter 5Home
78%
Chapter 6Friends
67%
Chapter 2Star Bits
67%
Chapter 7The Telescope
56%
Chapter 1The Celestial Duo
44%
Chapter 3The Comet
44%
Chapter 4The Dream
44%
Chapter 8The Wish
33%

Score Distribution

Percentile by Number Answered

Percent of People with Each Score

Your Score History

You have not taken this quiz